[Event "GER-ch 87th"]
[Site "Luebeck"]
[Date "2016.10.26"]
[Round "6"]
[White "Tonndorf, Matthias"]
[Black "Jugelt, Tobias"]
[Result "1-0"]
[WhiteElo "2223"]
[BlackElo "2418"]
[EventDate "2016.10.21"]
[PlyCount "139"]

1. e4 d6 2. d4 Nf6 3. Nc3 g6 4. Be3 Bg7 5. Qd2 Ng4 6. Bg5 h6 7. Bh4 g5 8. Bg3 e5 9. d5 f5 10. exf5 Bxf5 11. h4 e4 12. O-O-O O-O 13. Nge2 c5 14. dxc6 Nxc6 15. hxg5 Qxg5 16. Nf4 Bd4 17. Bc4+ Kh7 18. Ncd5 Rae8 19. Rde1 a6 20. Bb3 Qg7 21. c3 Bc5 22. Bc2 Qf7 23. Rh5 Bg6 24. Nxg6 Qxg6 25. Rd1 Bxf2 26. Bxf2 Rxf2 27. Rxh6+ Nxh6 28. Qxf2 Re5 29. Nf4 Qf6 30. Qe3 Ne7 31. Bxe4+ Kg8 32. Qf3 b5 33. Nd3 Re6 34. Qxf6 Rxf6 35. Nb4 Ng4 36. Bf3 Ne5 37. Nxa6 Nxf3 38. Rf1 Rg6 39. gxf3 Rg2 40. Rd1 Nf5 41. Nb4 Ne3 42. Re1 Nc4 43. Nc2 Rf2 44. Rd1 Rxf3 45. b3 Ne5 46. Rxd6 Rxc3 47. Rd5 Nd3+ 48. Kd2 Rxc2+ 49. Kxd3 Rxa2 50. Rxb5 Kf7 51. Re5 Kf6 52. Re1 Ra8 53. b4 Rb8 54. Kc4 Rc8+ 55. Kb3 Rb8 56. Kc4 Rc8+ 57. Kd5 Rb8 58. Rb1 Ke7 59. Kc6 Kd8 60. Rd1+ Ke7 61. b5 Rc8+ 62. Kb7 Rc2 63. b6 Rb2 64. Kc7 Rc2+ 65. Kb8 Rb2 66. b7 Rb3 67. Ra1 Kd7 68. Ka8 Kc7 69. Rc1+ Kd7 70. b8=Q 1-0

[Event "GER-ch 87th"]
[Site "Luebeck"]
[Date "2016.10.27"]
[Round "7"]
[White "Bente, Bjoern"]
[Black "Kololli, Martin"]
[Result "1-0"]
[WhiteElo "2239"]
[BlackElo "2202"]
[EventDate "2016.10.21"]
[PlyCount "105"]

1. e4 e5 2. Nf3 Nc6 3. d4 exd4 4. Nxd4 Qf6 5. Nxc6 Bc5 6. Qf3 dxc6 7. Nc3 Be6 8. Qg3 O-O-O 9. Be3 Bxe3 10. Qxe3 Qd4 11. Qxd4 Rxd4 12. Rd1 Rxd1+ 13. Kxd1 Nf6 14. Be2 Ng4 15. Bxg4 Bxg4+ 16. f3 Bd7 17. Kd2 c5 18. Ke3 Re8 19. Kf4 Re6 20. Rd1 Rb6 21. b3 c4 22. Rd2 cxb3 23. cxb3 Rf6+ 24. Ke3 Re6 25. Nd5 c6 26. Nf4 Re7 27. Nd3 b6 28. b4 Kc7 29. Rc2 Kb7 30. f4 Bf5 31. Ne5 f6 32. exf5 fxe5 33. g4 Kc7 34. g5 exf4+ 35. Kxf4 Re1 36. Rf2 Kd6 37. Rf3 c5 38. Rd3+ Kc6 39. bxc5 bxc5 40. Ra3 Rf1+ 41. Kg4 Kb6 42. Rf3 Rxf3 43. Kxf3 Kc6 44. Ke4 Kd6 45. a4 c4 46. Kd4 h5 47. gxh6 gxh6 48. Kxc4 Ke5 49. Kb5 Kxf5 50. Ka6 Kg4 51. Kxa7 h5 52. Kb6 Kh4 53. a5 1-0

[Event "GER-ch 87th"]
[Site "Luebeck"]
[Date "2016.10.27"]
[Round "7"]
[White "Fuchs, Florian"]
[Black "Svane, Rasmus"]
[Result "0-1"]
[WhiteElo "2290"]
[BlackElo "2552"]
[EventDate "2016.10.21"]
[PlyCount "64"]

1. e4 e6 2. d4 d5 3. Nc3 Nf6 4. e5 Nfd7 5. f4 c5 6. Nf3 Be7 7. Be3 a6 8. Qd2 b5 9. dxc5 Nxc5 10. Qf2 Qc7 11. a3 Nbd7 12. Qg3 g6 13. h4 h5 14. Ng5 Rb8 15. Bd4 b4 16. axb4 Rxb4 17. Qe3 Nb8 18. Be2 Ncd7 19. Rd1 Nc6 20. Nxd5 exd5 21. e6 Nxd4 22. exd7+ Bxd7 23. Rxd4 O-O 24. c3 Rxd4 25. cxd4 Bb4+ 26. Kf2 Re8 27. Qc1 Qb6 28. Rd1 Ba4 29. Rd3 Bb5 30. Re3 Qxd4 31. Bxb5 Bd2 32. Bxe8 Qxe3+ 0-1

[Event "GER-ch 87th"]
[Site "Luebeck"]
[Date "2016.10.27"]
[Round "7"]
[White "Gasthofer, Alexander"]
[Black "Tonndorf, Matthias"]
[Result "1-0"]
[WhiteElo "2437"]
[BlackElo "2223"]
[EventDate "2016.10.21"]
[PlyCount "151"]

1. Nf3 b6 2. g3 Bb7 3. Bg2 Nf6 4. c4 c5 5. O-O e6 6. Nc3 Be7 7. d4 cxd4 8. Qxd4 O-O 9. Bf4 d6 10. Qd2 e5 11. Bg5 Ne4 12. Nxe4 Bxe4 13. Rfd1 f6 14. Be3 Kh8 15. Nh4 Bxg2 16. Kxg2 Qd7 17. Qd5 Na6 18. Qb5 Qb7+ 19. Nf3 Rfd8 20. Qd5 Qd7 21. Rd2 Rac8 22. b3 Nc7 23. Qe4 f5 24. Qb7 Rb8 25. Qxa7 Qc6 26. Qa3 g5 27. Kg1 f4 28. Nxe5 dxe5 29. Qxe7 Re8 30. Qxg5 fxe3 31. Qxe3 Qc5 32. Qe4 Re7 33. Rad1 Rf8 34. e3 Ne6 35. h4 Qc7 36. b4 Ng7 37. Rd6 Nh5 38. Qc6 Qa7 39. a4 Rc7 40. Qb5 Rg7 41. Rd8 Qe7 42. Rxf8+ Qxf8 43. Qxb6 Rg8 44. Qe6 Qxb4 45. Qxe5+ Ng7 46. Rd7 Qxa4 47. Qd4 Qa6 48. Rd6 Qa5 49. c5 Rf8 50. Kg2 Qa2 51. e4 Qe2 52. Rd7 Qg4 53. Rd8 Kg8 54. c6 Qf3+ 55. Kg1 Ne8 56. Rb8 Nc7 57. Rxf8+ Qxf8 58. Qd7 Qf7 59. Qxf7+ Kxf7 60. Kg2 Ne6 61. f4 Ke7 62. f5 Nd4 63. c7 Kd7 64. g4 Kxc7 65. Kg3 Kd6 66. Kf4 Ke7 67. g5 Kf7 68. h5 Nc6 69. e5 Nd4 70. Ke4 Ne2 71. e6+ Kf8 72. Ke5 Ng3 73. g6 h6 74. f6 Nxh5 75. e7+ Ke8 76. g7 1-0

[Event "GER-ch 87th"]
[Site "Luebeck"]
[Date "2016.10.27"]
[Round "7"]
[White "Gress, Alexander"]
[Black "Goergens, Michael"]
[Result "1-0"]
[WhiteElo "2177"]
[BlackElo "2080"]
[EventDate "2016.10.21"]
[PlyCount "183"]

1. e4 e6 2. d4 d5 3. Nc3 Bb4 4. a3 Bxc3+ 5. bxc3 c5 6. Bd3 c4 7. Be2 Qa5 8. Qd2 Nf6 9. f3 dxe4 10. Bxc4 exf3 11. Nxf3 Ne4 12. Qd3 Qxc3+ 13. Qxc3 Nxc3 14. O-O Nd7 15. Ng5 Nf6 16. Rf3 Nce4 17. Bb5+ Ke7 18. Nxe4 Nxe4 19. a4 f5 20. Ba3+ Kd8 21. Rd1 a6 22. Bc4 Bd7 23. a5 Rc8 24. Bb3 Re8 25. c4 g6 26. c5 Bc6 27. Bc1 Bd5 28. Ba4 Rg8 29. Bf4 Ke7 30. Rb1 g5 31. Be5 g4 32. Rfb3 Kf7 33. Rxb7+ Bxb7 34. Rxb7+ Kg6 35. Bd7 Nxc5 36. Bxc8 Rxc8 37. dxc5 Rxc5 38. Bc7 f4 39. Bxf4 Rxa5 40. Rb1 h5 41. Bc7 Rc5 42. Bb6 Rc6 43. Be3 Rc3 44. Kf2 Rc2+ 45. Kf1 Kf5 46. Ra1 Rc6 47. Ra5+ Ke4 48. Ke2 e5 49. Ra4+ Kf5 50. Bd2 Rb6 51. Rc4 Rb2 52. Rc8 h4 53. Rg8 h3 54. Rg5+ Kf6 55. Rxg4 hxg2 56. Rxg2 a5 57. Kd3 Kf5 58. Rg5+ Kf6 59. h4 e4+ 60. Ke3 Rb3+ 61. Kxe4 Rh3 62. Rf5+ Kg6 63. Bg5 Ra3 64. Re5 Ra2 65. Kf3 a4 66. Re6+ Kf5 67. Rf6+ Ke5 68. Kg4 a3 69. Ra6 Rg2+ 70. Kh3 Ra2 71. Be7 Kf5 72. Rxa3 Rc2 73. Rg3 Rc1 74. Rg5+ Ke6 75. Bc5 Rc4 76. Bf2 Kf6 77. Kg3 Ra4 78. Be3 Re4 79. Bf4 Rc4 80. Kg4 Ra4 81. h5 Ra7 82. h6 Rb7 83. Kh5 Rb1 84. Be5+ Kf7 85. Rg7+ Ke6 86. Bf4 Kf5 87. Bg5 Rb8 88. h7 Rh8 89. Kh6 Re8 90. Rg8 Re6+ 91. Kh5 Re8 92. h8=Q 1-0

[Event "GER-ch 87th"]
[Site "Luebeck"]
[Date "2016.10.27"]
[Round "7"]
[White "Hirneise, Jens"]
[Black "Schwarz, Frank"]
[Result "1-0"]
[WhiteElo "2324"]
[BlackElo "2251"]
[EventDate "2016.10.21"]
[PlyCount "95"]

1. e4 e6 2. d4 d5 3. Nc3 Bb4 4. e5 c5 5. a3 Bxc3+ 6. bxc3 Ne7 7. Nf3 Nbc6 8. Be2 Qa5 9. Bd2 Qa4 10. dxc5 Ng6 11. O-O O-O 12. Bd3 Ncxe5 13. Nxe5 Nxe5 14. Bxh7+ Kxh7 15. Qh5+ Kg8 16. Qxe5 Qxc2 17. Qe1 Bd7 18. f4 Rac8 19. Be3 Qe4 20. Rf3 f6 21. Qd2 Rc6 22. Bd4 Ra6 23. Re1 Qf5 24. h3 Ba4 25. Qb2 Rb8 26. Qf2 Bc2 27. g4 Qg6 28. f5 Bxf5 29. Qg3 Rc8 30. gxf5 Qxg3+ 31. Rxg3 e5 32. Bf2 Rxa3 33. Rd1 Rd8 34. Kg2 Kf7 35. Rgd3 Ke7 36. c6 b6 37. Rxd5 Rxd5 38. Rxd5 Rxc3 39. Rd7+ Ke8 40. Rxa7 Rxc6 41. Rxg7 Rc4 42. Rg4 e4 43. Bxb6 Ke7 44. Kg3 Kd6 45. Kf4 Kd5 46. Be3 Rc8 47. Rg1 Rh8 48. Rd1+ 1-0

[Event "GER-ch 87th"]
[Site "Luebeck"]
[Date "2016.10.27"]
[Round "7"]
[White "Jugelt, Tobias"]
[Black "Rehberg, Raphael"]
[Result "1-0"]
[WhiteElo "2418"]
[BlackElo "2232"]
[EventDate "2016.10.21"]
[PlyCount "97"]

1. d4 d5 2. Bf4 Nf6 3. e3 e6 4. Nd2 c5 5. c3 Nc6 6. Ngf3 Be7 7. h3 O-O 8. Bd3 Qb6 9. Rb1 Bd7 10. O-O cxd4 11. exd4 Rfc8 12. Re1 a5 13. g4 a4 14. a3 Nd8 15. Ne5 Bb5 16. g5 Nd7 17. Nxd7 Bxd7 18. Qh5 g6 19. Qf3 Bb5 20. Bc2 Nc6 21. Be3 Qa6 22. Nf1 Bd3 23. Bxd3 Qxd3 24. Rbd1 Qb5 25. Bc1 Rf8 26. Nh2 f6 27. Rxe6 fxg5 28. Qe3 Rf7 29. Ng4 Kg7 30. Ne5 Nxe5 31. Qxe5+ Bf6 32. Rxf6 Rxf6 33. Bxg5 Raf8 34. Rd2 h6 35. Bxf6+ Rxf6 36. Kg2 Kf7 37. Qc7+ Kg8 38. Qe7 Rf7 39. Qe6 Kg7 40. f3 Qc4 41. Kf2 g5 42. Re2 Qb3 43. h4 gxh4 44. Ke1 h3 45. Qg4+ Kf8 46. Qxh3 Qb6 47. Re6 Qxe6+ 48. Qxe6 Re7 49. Qe5 1-0

[Event "GER-ch 87th"]
[Site "Luebeck"]
[Date "2016.10.27"]
[Round "7"]
[White "Kabisch, Thilo"]
[Black "Moeller, Hendrik"]
[Result "1-0"]
[WhiteElo "2309"]
[BlackElo "2286"]
[EventDate "2016.10.21"]
[PlyCount "129"]

1. e4 c6 2. d4 d5 3. Nc3 dxe4 4. Nxe4 Bf5 5. Ng3 Bg6 6. h4 h6 7. Nf3 Nd7 8. h5 Bh7 9. Bd3 Bxd3 10. Qxd3 e6 11. Bf4 Qa5+ 12. Bd2 Bb4 13. c3 Be7 14. c4 Qc7 15. O-O-O Ngf6 16. Qe2 Rd8 17. Kb1 O-O 18. Bc3 Rfe8 19. Ne5 c5 20. f4 cxd4 21. Bxd4 a6 22. Rhe1 Bb4 23. Rf1 Bc5 24. Bc3 Bd6 25. Nxd7 Rxd7 26. Bxf6 gxf6 27. Ne4 Be7 28. f5 Rxd1+ 29. Rxd1 Qe5 30. fxe6 Qxe6 31. Ng3 Rc8 32. Rd4 Rc5 33. Re4 Qd6 34. Re3 Qf4 35. Re4 Qd6 36. a3 Bf8 37. Qf3 Re5 38. Rg4+ Kh8 39. Ne4 Qe6 40. Qxf6+ Qxf6 41. Nxf6 Bg7 42. Rf4 b5 43. cxb5 Rxb5 44. b4 Rg5 45. g4 a5 46. Ne4 Rd5 47. Nc5 axb4 48. axb4 Bc3 49. Na6 Kg7 50. Kc2 Be5 51. Rf5 f6 52. Nc5 Kf7 53. Nd3 Ke6 54. Nf4+ Bxf4 55. Rxf4 Rg5 56. Kd3 f5 57. gxf5+ Kf6 58. b5 Rxh5 59. b6 Rh1 60. Rb4 Rd1+ 61. Ke4 Rd8 62. b7 Rb8 63. Kf4 Kf7 64. Rb6 Kg7 65. Ke5 1-0

[Event "GER-ch 87th"]
[Site "Luebeck"]
[Date "2016.10.27"]
[Round "7"]
[White "Kalinitschew, Sergey"]
[Black "Malek, Daniel"]
[Result "1/2-1/2"]
[WhiteElo "2405"]
[BlackElo "2411"]
[EventDate "2016.10.21"]
[PlyCount "156"]

1. c4 Nf6 2. Nc3 e6 3. e4 d5 4. e5 d4 5. exf6 dxc3 6. bxc3 Qxf6 7. Nf3 e5 8. Bd3 Na6 9. O-O Bg4 10. Be2 Bd6 11. d4 exd4 12. cxd4 O-O 13. Rb1 Rab8 14. c5 Bf4 15. Bxf4 Qxf4 16. c6 Bxf3 17. gxf3 b5 18. Kh1 Rbd8 19. d5 Nb4 20. Qc1 Qh4 21. Qc5 Nxd5 22. Rxb5 Rd6 23. Qxd6 cxd6 24. Rxd5 g6 25. Kg2 Rc8 26. Rc1 Rc7 27. Bb5 Qb4 28. Rc4 Qa3 29. Ra4 Qb2 30. Rad4 Qxa2 31. Rxd6 Qc2 32. Rd7 Rxc6 33. Bxc6 Qxc6 34. Rxa7 Qc5 35. Rad7 Qg5+ 36. Rg4 Qf5 37. Rdd4 h5 38. Rgf4 Qg5+ 39. Kf1 Qb5+ 40. Rc4 Kg7 41. h4 g5 42. hxg5 Qxg5 43. Rfd4 Qf5 44. Kg2 Kg6 45. Rd6+ f6 46. Rdd4 Kh6 47. Rd8 Qg5+ 48. Kh2 Qf5 49. f4 Qg4 50. Rd2 h4 51. Rcd4 Qf3 52. R4d3 Qxf4+ 53. Kh3 Kh5 54. Re3 Qg4+ 55. Kh2 Qf4+ 56. Kg2 Qg4+ 57. Kh2 f5 58. Rd8 Qf4+ 59. Kh3 Qg4+ 60. Kh2 Qf4+ 61. Kh3 Qxf2 62. Ra3 Qf1+ 63. Kh2 Qe2+ 64. Kh3 Qe6 65. Rad3 f4+ 66. Kh2 Kg4 67. Rd2 h3 68. R8d7 Qe5 69. R7d5 Qe1 70. R5d3 Qf1 71. Rd8 Kf5 72. R8d3 f3 73. Kg3 Ke4 74. Rd4+ Ke3 75. R2d3+ Qxd3 76. Rxd3+ Kxd3 77. Kxf3 h2 78. Kg2 h1=Q+ 1/2-1/2

[Event "GER-ch 87th"]
[Site "Luebeck"]
[Date "2016.10.27"]
[Round "7"]
[White "Langheinrich, Ferenc"]
[Black "Schulz, Karsten"]
[Result "1/2-1/2"]
[WhiteElo "2371"]
[BlackElo "2283"]
[EventDate "2016.10.21"]
[PlyCount "54"]

1. e4 d5 2. exd5 Nf6 3. Nf3 Bg4 4. c4 c6 5. d4 cxd5 6. Nc3 e6 7. cxd5 exd5 8. Qb3 Qb6 9. Bb5+ Nc6 10. Ne5 Be6 11. O-O Rc8 12. Be3 Bd6 13. Bxc6+ bxc6 14. Qxb6 axb6 15. Na4 b5 16. Nc5 Bxc5 17. dxc5 Ng4 18. Nxg4 Bxg4 19. a4 bxa4 20. Rxa4 Bf5 21. Bf4 O-O 22. f3 Rfe8 23. Rd4 Re2 24. Rf2 Re1+ 25. Rf1 Re2 26. Rf2 Re1+ 27. Rf1 Re2 1/2-1/2

[Event "GER-ch 87th"]
[Site "Luebeck"]
[Date "2016.10.27"]
[Round "7"]
[White "Liepold, Stefan"]
[Black "Mueer, Sebastian"]
[Result "1/2-1/2"]
[WhiteElo "2188"]
[BlackElo "2289"]
[EventDate "2016.10.21"]
[PlyCount "63"]

1. e4 c5 2. Nf3 d6 3. d4 cxd4 4. Nxd4 Nf6 5. Nc3 g6 6. Be3 Bg7 7. f3 O-O 8. Qd2 Nc6 9. Bc4 Bd7 10. O-O-O Rc8 11. Bb3 Ne5 12. Kb1 a6 13. h4 h5 14. Nd5 Nc4 15. Bxc4 Rxc4 16. b3 Rc8 17. Bh6 Nxd5 18. exd5 Rc5 19. Bxg7 Kxg7 20. g4 Rxd5 21. Nf5+ Rxf5 22. gxf5 Bxf5 23. Rhg1 Qd7 24. Qd4+ Kg8 25. Rg5 Rc8 26. Rd2 Qe6 27. Rdg2 Rc5 28. Kb2 Rd5 29. Qc3 Rc5 30. Qd4 Bh3 31. R2g3 Bf5 32. Rg2 1/2-1/2

[Event "GER-ch 87th"]
[Site "Luebeck"]
[Date "2016.10.27"]
[Round "7"]
[White "Messarius, Juergen"]
[Black "Kummerow, Heiko"]
[Result "1-0"]
[WhiteElo "2198"]
[BlackElo "2266"]
[EventDate "2016.10.21"]
[PlyCount "53"]

1. e4 c5 2. Nf3 Nc6 3. d4 cxd4 4. Nxd4 g6 5. Nc3 Bg7 6. Be3 Nf6 7. Bc4 O-O 8. Bb3 d5 9. exd5 Na5 10. O-O Nxb3 11. Nxb3 b6 12. Qd2 Bb7 13. Rad1 Qc7 14. Rfe1 Rfd8 15. Bf4 Qd7 16. h3 Nxd5 17. Bh6 Bh8 18. Ne4 Qc7 19. Nd4 Rac8 20. c3 Nf6 21. Ng5 e5 22. Nb5 Qc6 23. Qxd8+ Rxd8 24. Rxd8+ Ne8 25. Ne4 Bg7 26. Nxa7 Qe6 27. Nd6 1-0

[Event "GER-ch 87th"]
[Site "Luebeck"]
[Date "2016.10.27"]
[Round "7"]
[White "Schellmann, Frank"]
[Black "Schoen, Ralf"]
[Result "1/2-1/2"]
[WhiteElo "2074"]
[BlackElo "2146"]
[EventDate "2016.10.21"]
[PlyCount "82"]

1. e4 d5 2. exd5 Qxd5 3. Nc3 Qa5 4. d4 Nf6 5. Nf3 c6 6. Bc4 Bg4 7. h3 Bxf3 8. Qxf3 e6 9. Bd2 Qb6 10. O-O-O Be7 11. Rhe1 O-O 12. g4 Rd8 13. Qe2 Nd5 14. Ne4 Nd7 15. Ng5 Nf8 16. Nf3 Qc7 17. h4 Bd6 18. Ne5 f6 19. Nd3 b5 20. Bb3 a5 21. g5 f5 22. a3 Rdb8 23. h5 a4 24. Bxd5 cxd5 25. Bb4 Bxb4 26. Nxb4 Qf4+ 27. Qe3 Qxe3+ 28. Rxe3 Rb6 29. Rde1 Kf7 30. Rc3 Rb7 31. Rc6 Raa7 32. Na6 Re7 33. Nc5 Rac7 34. Nd3 Rxc6 35. Ne5+ Ke8 36. Nxc6 Rc7 37. Ne5 Nd7 38. Nd3 Kf7 39. Nf4 Nf8 40. Kd2 Rc4 41. Kd3 Rc6 1/2-1/2

[Event "GER-ch 87th"]
[Site "Luebeck"]
[Date "2016.10.27"]
[Round "7"]
[White "Schroeder, Christoph"]
[Black "Metz, Hartmut"]
[Result "1-0"]
[WhiteElo "2193"]
[BlackElo "2284"]
[EventDate "2016.10.21"]
[PlyCount "57"]

1. c4 c6 2. Nc3 d5 3. cxd5 cxd5 4. d4 Nf6 5. Bf4 Nc6 6. e3 a6 7. Rc1 Bf5 8. Nf3 e6 9. Qb3 Bd6 10. Qxb7 Na5 11. Qxa8 Qxa8 12. Bxd6 Kd7 13. Bb4 Nc6 14. Ba3 Rb8 15. Be2 Ke8 16. O-O h6 17. Rfd1 Nd7 18. Na4 Nb4 19. Bxb4 Rxb4 20. b3 Bg4 21. Rc3 Bxf3 22. gxf3 Kd8 23. Rdc1 Rb7 24. Rc8+ Qxc8 25. Rxc8+ Kxc8 26. Bxa6 Kc7 27. Bxb7 Kxb7 28. Nc5+ Nxc5 29. dxc5 1-0

[Event "GER-ch 87th"]
[Site "Luebeck"]
[Date "2016.10.28"]
[Round "8"]
[White "Gasthofer, Alexander"]
[Black "Kalinitschew, Sergey"]
[Result "1/2-1/2"]
[WhiteElo "2437"]
[BlackElo "2405"]
[EventDate "2016.10.21"]
[PlyCount "92"]

1. Nf3 Nf6 2. g3 g6 3. Bg2 Bg7 4. O-O O-O 5. d4 d6 6. c4 Nbd7 7. Qc2 e5 8. Rd1 exd4 9. Nxd4 Re8 10. e4 a6 11. h3 Rb8 12. Be3 c5 13. Ne2 Qe7 14. Nbc3 b5 15. cxb5 axb5 16. Nf4 Ne5 17. Nfd5 Nxd5 18. Nxd5 Qd8 19. Nf4 Bb7 20. Rac1 Qa5 21. b3 Rbd8 22. Nd5 Bxd5 23. Rxd5 Nc6 24. Qd2 Qxd2 25. Rxd2 b4 26. e5 Nxe5 27. Bf4 h6 28. h4 Bf8 29. Kf1 Rc8 30. Bd5 Kg7 31. Bxe5+ Rxe5 32. Re1 Rxe1+ 33. Kxe1 Be7 34. Re2 Bf6 35. Kf1 h5 36. f4 Kf8 37. Kf2 Rc7 38. Kf3 Ra7 39. Kg2 Be7 40. Kf3 Kg7 41. Kg2 f6 42. Kf3 Rc7 43. Rc2 Ra7 44. Re2 Kf8 45. Bc4 Bd8 46. Bb5 Re7 1/2-1/2

[Event "GER-ch 87th"]
[Site "Luebeck"]
[Date "2016.10.28"]
[Round "8"]
[White "Goergens, Michael"]
[Black "Schoen, Ralf"]
[Result "0-1"]
[WhiteElo "2080"]
[BlackElo "2146"]
[EventDate "2016.10.21"]
[PlyCount "70"]

1. e4 c5 2. Nc3 Nc6 3. g3 g6 4. Bg2 Bg7 5. d3 d6 6. Be3 Nf6 7. h3 Bd7 8. Qd2 O-O 9. g4 b5 10. f4 b4 11. Nd1 a5 12. Ne2 a4 13. a3 Qa5 14. c3 Rfb8 15. f5 bxc3 16. bxc3 Ne5 17. O-O Rb3 18. Nc1 Rb6 19. Bh6 Rf8 20. Ra2 Rbb8 21. Qg5 Bb5 22. Rd2 Ba6 23. c4 Rb1 24. Ne2 Rb3 25. Ng3 Bxh6 26. Qxh6 Rxd3 27. Rxd3 Nxd3 28. fxg6 hxg6 29. e5 Nxe5 30. g5 Qd2 31. Rxf6 Qxd1+ 32. Kh2 Bxc4 33. Rf4 Qd2 34. Re4 Nf3+ 35. Kh1 Qd1+ 0-1

[Event "GER-ch 87th"]
[Site "Luebeck"]
[Date "2016.10.28"]
[Round "8"]
[White "Gress, Alexander"]
[Black "Schroeder, Christoph"]
[Result "1/2-1/2"]
[WhiteElo "2177"]
[BlackElo "2193"]
[EventDate "2016.10.21"]
[PlyCount "116"]

1. e4 c5 2. Nf3 Nc6 3. d4 cxd4 4. Nxd4 g6 5. Nc3 Bg7 6. Be3 Nf6 7. Bc4 O-O 8. Bb3 d6 9. f3 Qa5 10. Qd2 Nxd4 11. Bxd4 Be6 12. O-O Rfc8 13. Rad1 Nd7 14. Bxg7 Kxg7 15. Kh1 Nf6 16. f4 Rc5 17. Qd4 Qc7 18. f5 Bxb3 19. axb3 Re5 20. Qf2 Qc5 21. Qh4 b5 22. Rd5 Rxd5 23. Nxd5 Nxd5 24. exd5 Qxd5 25. Qxe7 gxf5 26. Qg5+ Kh8 27. Qf6+ Kg8 28. Rxf5 Qd1+ 29. Rf1 Qd5 30. h3 Qe5 31. Qxf7+ Kh8 32. Rf5 Qxb2 33. Rh5 Qg7 34. Qxg7+ Kxg7 35. Rxb5 a5 36. Rb7+ Kg6 37. Rb6 a4 38. Rxd6+ Kf5 39. bxa4 Rxa4 40. Kg1 Rc4 41. Rd2 Rc3 42. Kf2 h5 43. Ke1 Kf4 44. Re2 Rc8 45. Kd1 Kg3 46. Re5 Rh8 47. c4 Kxg2 48. Re3 h4 49. c5 Rc8 50. Rc3 Rc6 51. Kc2 Kh2 52. Kb3 Rxc5 53. Rxc5 Kxh3 54. Rg5 Kh2 55. Kc3 h3 56. Kd3 Kh1 57. Ke3 h2 58. Rc5 Kg2 1/2-1/2

[Event "GER-ch 87th"]
[Site "Luebeck"]
[Date "2016.10.28"]
[Round "8"]
[White "Jugelt, Tobias"]
[Black "Malek, Daniel"]
[Result "1/2-1/2"]
[WhiteElo "2418"]
[BlackElo "2411"]
[EventDate "2016.10.21"]
[PlyCount "60"]

1. d4 Nf6 2. Bf4 g6 3. e3 Bg7 4. Nf3 O-O 5. Be2 d6 6. h3 c5 7. Nbd2 b6 8. O-O Bb7 9. c3 Nbd7 10. Bh2 Rc8 11. a4 a6 12. Re1 Rc7 13. Bd3 cxd4 14. exd4 Nd5 15. Qb3 Bh6 16. Bxa6 Bxa6 17. Qxd5 Bb7 18. Qb3 Re8 19. Ne4 Qa8 20. Neg5 Bd5 21. Qc2 Rcc8 22. Qe2 e5 23. dxe5 dxe5 24. Ne4 Rcd8 25. Nd6 Re6 26. Nb5 Qc6 27. Na7 Qb7 28. Nb5 Qc6 29. Na7 Qb7 30. Nb5 Qc6 1/2-1/2

[Event "GER-ch 87th"]
[Site "Luebeck"]
[Date "2016.10.28"]
[Round "8"]
[White "Kololli, Martin"]
[Black "Fuchs, Florian"]
[Result "1-0"]
[WhiteElo "2202"]
[BlackElo "2290"]
[EventDate "2016.10.21"]
[PlyCount "147"]

1. e4 c5 2. c3 d5 3. exd5 Qxd5 4. d4 Nf6 5. Nf3 e6 6. Be3 Nbd7 7. Bd3 Be7 8. O-O O-O 9. c4 Qd6 10. Nc3 cxd4 11. Nxd4 a6 12. Qe2 Qc7 13. Rad1 b6 14. Qf3 Bb7 15. Qh3 Rfd8 16. b3 Nf8 17. Na4 N6d7 18. Nc3 f5 19. Nce2 Bf6 20. f4 Nc5 21. Bc2 g6 22. b4 Ne4 23. Bb3 Kg7 24. c5 bxc5 25. bxc5 Bd5 26. Bxd5 exd5 27. Rc1 Rab8 28. Rc2 Rb4 29. g4 fxg4 30. Qxg4 Re8 31. f5 Kh8 32. fxg6 Nxg6 33. Ne6 Qc8 34. Rxf6 Nxf6 35. Qxb4 Qxe6 36. Bf2 Ne5 37. Ng3 Rg8 38. c6 Nf3+ 39. Kg2 Ng5 40. Qf4 Nge4 41. c7 Rc8 42. Bd4 Kg8 43. Kg1 Qg4 44. Qxg4+ Nxg4 45. Nf5 Kf7 46. Rc6 Ke8 47. h3 Kd7 48. Rxa6 Rg8 49. c8=Q+ Rxc8 50. Ra7+ Kd8 51. hxg4 Rc2 52. Rxh7 Rxa2 53. g5 Nxg5 54. Bf6+ Kc8 55. Bxg5 Rc2 56. Be3 Ra2 57. Ba7 Ra6 58. Kg2 Rf6 59. Ne7+ Kd8 60. Nxd5 Rf5 61. Bb6+ Ke8 62. Nc7+ Kd8 63. Nd5+ Ke8 64. Ne3 Rb5 65. Rb7 Rb3 66. Kf3 Rd3 67. Ke4 Rd7 68. Rb8+ Kf7 69. Kf5 Ke7 70. Bc5+ Kf7 71. Ng4 Rd5+ 72. Ne5+ Kg7 73. Rb7+ Kg8 74. Kg6 1-0

[Event "GER-ch 87th"]
[Site "Luebeck"]
[Date "2016.10.28"]
[Round "8"]
[White "Liepold, Stefan"]
[Black "Hirneise, Jens"]
[Result "0-1"]
[WhiteElo "2188"]
[BlackElo "2324"]
[EventDate "2016.10.21"]
[PlyCount "110"]

1. e4 c5 2. Nf3 Nc6 3. d4 cxd4 4. Nxd4 Nf6 5. Nc3 d6 6. Bc4 e6 7. O-O Be7 8. a3 O-O 9. Ba2 Bd7 10. Kh1 Nxd4 11. Qxd4 Bc6 12. f3 d5 13. e5 Nd7 14. Bf4 b5 15. Ne2 a5 16. Qd2 b4 17. Nd4 Qb6 18. c3 Rfc8 19. c4 dxc4 20. Bxc4 Bb7 21. b3 Rd8 22. axb4 Bxb4 23. Qf2 Bc5 24. Rfd1 Nb8 25. Be3 Nc6 26. Nc2 Rxd1+ 27. Rxd1 Bxe3 28. Qxe3 Qxe3 29. Nxe3 Nxe5 30. Be2 g5 31. Kg1 Kf8 32. Rd4 Ke7 33. h4 h6 34. hxg5 hxg5 35. Kf2 Bc6 36. Ng4 Nd7 37. Bc4 a4 38. bxa4 Rxa4 39. Ne3 Nb6 40. f4 gxf4 41. Rxf4 Bb5 42. Rxf7+ Kxf7 43. Bxb5 Rb4 44. Bc6 Kf6 45. Kf3 Kg5 46. Be4 Rb3 47. Bc2 Rc3 48. Ke4 Rc5 49. Bb3 Nd7 50. Ba4 Nf6+ 51. Kd4 Ra5 52. Bb3 e5+ 53. Kd3 Kf4 54. Nc4 e4+ 55. Ke2 Rg5 0-1

[Event "GER-ch 87th"]
[Site "Luebeck"]
[Date "2016.10.28"]
[Round "8"]
[White "Metz, Hartmut"]
[Black "Schellmann, Frank"]
[Result "1-0"]
[WhiteElo "2284"]
[BlackElo "2074"]
[EventDate "2016.10.21"]
[PlyCount "45"]

1. e4 e5 2. f4 d5 3. exd5 exf4 4. Nf3 Nf6 5. Nc3 Nxd5 6. Nxd5 Qxd5 7. d4 Nc6 8. Bxf4 Bg4 9. Bxc7 Rc8 10. Bg3 Bxf3 11. Qxf3 Qxd4 12. c3 Qc5 13. O-O-O Be7 14. Rd5 Qb6 15. Rb5 Qd8 16. Rd5 Qb6 17. Bd3 Nd4 18. Qg4 Ne6 19. Bb5+ Kf8 20. Rf1 Rd8 21. Rxd8+ Nxd8 22. Qd7 Qe6 23. Qe8# 1-0

[Event "GER-ch 87th"]
[Site "Luebeck"]
[Date "2016.10.28"]
[Round "8"]
[White "Mueer, Sebastian"]
[Black "Moeller, Hendrik"]
[Result "1/2-1/2"]
[WhiteElo "2289"]
[BlackElo "2286"]
[EventDate "2016.10.21"]
[PlyCount "101"]

1. Nf3 c5 2. g3 d5 3. c4 e6 4. Bg2 Nc6 5. O-O Nf6 6. cxd5 exd5 7. d4 Be7 8. Nc3 O-O 9. b3 Ne4 10. Bb2 Bf6 11. Nxe4 dxe4 12. Nd2 cxd4 13. Nxe4 Be5 14. Nc5 Qb6 15. Rc1 Rd8 16. Qd2 Nb4 17. Na4 Qd6 18. Ba3 a5 19. Rc4 b5 20. Rc6 Qe7 21. Nb6 Rb8 22. Nd5 Rxd5 23. Bxb4 axb4 24. Bxd5 Bb7 25. Rfc1 Bxc6 26. Bxc6 g6 27. Qd3 Qa7 28. Bxb5 Qxa2 29. Rc5 Bf6 30. Qf3 Qa7 31. Rd5 Rd8 32. Rxd8+ Bxd8 33. Qd5 Bf6 34. h4 h5 35. Kg2 Qe7 36. Bd3 Kg7 37. Kf3 Qc7 38. Bc4 Qe7 39. Qe4 Qd7 40. Kg2 Qc7 41. Qd5 Qe7 42. Qc6 Qe5 43. Qb7 Qe7 44. Qxe7 Bxe7 45. Kf3 f5 46. Bb5 Bd6 47. Be8 Kf6 48. Kg2 f4 49. gxf4 Bxf4 50. Kf3 Bd2 51. Ke4 1/2-1/2

[Event "GER-ch 87th"]
[Site "Luebeck"]
[Date "2016.10.28"]
[Round "8"]
[White "Rehberg, Raphael"]
[Black "Messarius, Juergen"]
[Result "1-0"]
[WhiteElo "2232"]
[BlackElo "2198"]
[EventDate "2016.10.21"]
[PlyCount "111"]

1. e4 e6 2. d4 d5 3. Nc3 Bb4 4. e5 c5 5. a3 Bxc3+ 6. bxc3 Qa5 7. Bd2 Qa4 8. Nf3 Nc6 9. Qb1 c4 10. g3 Bd7 11. Bg2 O-O-O 12. O-O Rf8 13. Qb2 Nge7 14. Rab1 b6 15. Nh4 f6 16. exf6 gxf6 17. f4 Qa5 18. f5 e5 19. dxe5 Nxe5 20. Be3 Rhg8 21. Kh1 Kc7 22. Rbd1 Bc8 23. Bf4 Rd8 24. Nf3 Nxf5 25. Nxe5 fxe5 26. Bxe5+ Kb7 27. Qc1 Rge8 28. Qg5 h6 29. Qf4 Qc5 30. Rfe1 Ka6 31. Bf6 Rxe1+ 32. Rxe1 Rd6 33. Be5 Rd8 34. Bh3 Ne7 35. Bf6 Ng6 36. Qxh6 Bxh3 37. Qxh3 Rf8 38. Qf5 Rg8 39. Bd4 Qc8 40. Qxc8+ Rxc8 41. h4 Rc6 42. Rf1 Ne7 43. Rf6 Rc8 44. Kg2 Kb5 45. h5 Ka4 46. Rf7 Nc6 47. Bg7 Kxa3 48. h6 Kb2 49. h7 b5 50. Rf8 Rxf8 51. Bxf8 Kxc3 52. h8=Q+ Kxc2 53. Qf6 Na5 54. Qa6 d4 55. Qxa5 c3 56. Bg7 1-0

[Event "GER-ch 87th"]
[Site "Luebeck"]
[Date "2016.10.28"]
[Round "8"]
[White "Schulz, Karsten"]
[Black "Kabisch, Thilo"]
[Result "1/2-1/2"]
[WhiteElo "2283"]
[BlackElo "2309"]
[EventDate "2016.10.21"]
[PlyCount "80"]

1. d4 Nf6 2. Bf4 d6 3. e3 g6 4. Nf3 Bg7 5. Be2 Nbd7 6. h3 b6 7. O-O Bb7 8. c4 O-O 9. Nc3 Re8 10. Qc2 e5 11. Bh2 exd4 12. Nxd4 Nc5 13. Rad1 Nfe4 14. Nd5 a5 15. f3 Ng5 16. e4 Nge6 17. Nxe6 Nxe6 18. Bd3 Rc8 19. Kh1 c6 20. Nf4 Nxf4 21. Bxf4 d5 22. Qb3 Ba8 23. cxd5 cxd5 24. Bb5 Qh4 25. Bh2 Red8 26. exd5 a4 27. Bxa4 Bxd5 28. Rxd5 Rxd5 29. Qxd5 Qxa4 30. Qb7 Qc4 31. Rd1 Bxb2 32. Qxb6 Qxa2 33. Rd8+ Rxd8 34. Qxd8+ Kg7 35. Qd1 Qa1 36. Qxa1 Bxa1 37. Bg1 Bb2 38. Bh2 Ba1 39. Bg1 Bb2 40. Bh2 Ba1 1/2-1/2